=LDR 00000nam 2200000 4500 =001 INLIS000000000014937 =005 20130612110224 =008 ***********************************Ind** =035 ##$$0010-061300000014937 =041 ##$$a Ind =082 ##$$a 813 =090 ##$$a 813, Aid r =100 ##$$a Aidit, sobron =245 ##$$a Razia agustus, Sobron aidit =260 ##$$a 2004 $b Jakarta =300 ##$$a 166 hlm, Ilus, 21 cm =650 ##$$a Fiksi Indonesia =850 ##$$a NBPNMAT